[Event "Paris Apsap op 38th"]
[Site "Paris"]
[Date "2002.??.??"]
[Round "2"]
[White "Borisov, Yuru"]
[Black "Bonnal, Louis"]
[Result "1-0"]
[WhiteElo "2033"]
[BlackElo "1590"]
[PlyCount "59"]
[EventDate "2002.10.01"]
[EventType "tourn"]
[EventRounds "7"]
[EventCountry "FRA"]
[SourceTitle "EXT 2003"]
[Source "ChessBase"]
[SourceDate "2002.11.25"]
[SourceVersion "1"]
[SourceVersionDate "2002.11.25"]
[SourceQuality "1"]

1. e4 d6 2. d4 Nf6 3. Nc3 c6 4. g3 Qa5 5. Bg2 Bg4 6. f3 Bc8 7. Nge2 Nbd7 8. 0-0 e5 9. Be3 Be7 10. a3 0-0 11. b4 Qc7 12. Kh1 b5 13. f4 exd4 14. Nxd4 Nb6 15. Qd3 Nc4 16. e5 Ng4 17. Bg1 Bb7 18. Nf5 dxe5 19. Nxe7+ Qxe7 20. Bc5 Qc7 21. Qe2 Nf6 22. Bxf8 Rxf8 23. fxe5 Nxe5 24. Ne4 Nxe4 25. Qxe4 Nc4 26. Qf4 Qb6 27. Rae1 Qd8 28. Rd1 Qa8 29. Rd7 f6 30. Qc7 1-0

[Event "Paris Apsap op 38th"]
[Site "Paris"]
[Date "2002.??.??"]
[Round "5"]
[White "Borisov, Yuru"]
[Black "Nguyen, Thanh Tong"]
[Result "1/2-1/2"]
[WhiteElo "2033"]
[BlackElo "2150"]
[PlyCount "74"]
[EventDate "2002.10.01"]
[EventType "tourn"]
[EventRounds "7"]
[EventCountry "FRA"]
[SourceTitle "EXT 2003"]
[Source "ChessBase"]
[SourceDate "2002.11.25"]
[SourceVersion "1"]
[SourceVersionDate "2002.11.25"]
[SourceQuality "1"]

1. e4 c5 2. Nc3 e6 3. f4 d5 4. Nf3 Nf6 5. Bb5+ Nc6 6. d3 Be7 7. 0-0 0-0 8. e5 Nd7 9. Qe1 Nb4 10. Ba4 Nb6 11. a3 Nxa4 12. axb4 Nxc3 13. bxc3 cxb4 14. cxb4 Qb6+ 15. Be3 Qxb4 16. Qxb4 Bxb4 17. Rfb1 Be7 18. Rxa7 Rxa7 19. Bxa7 Re8 20. Nd4 Kf8 21. Nb5 Bd7 22. Nc7 Rc8 23. Rxb7 Bd8 24. Bc5+ Kg8 25. Bd6 Bc6 26. Ra7 Bxc7 27. Bxc7 h5 28. g3 Ra8 29. Rxa8+ Bxa8 30. Kf2 Kf8 31. Ke3 Ke7 32. Kd4 Kd7 33. Bd6 g6 34. Kc5 Bc6 35. Kb6 Ba4 36. c4 dxc4 37. dxc4 Bc6 1/2-1/2